000 00546nam a2200181 i 4500
001 64180
003 ES-MaACL
005 20230906165049.0
007 t|
008 031222s1970 sp ||||1| spa d
100 1 _aFletcher, Joseph.
_951188
245 1 0 _aEtica de situación
_b: la nueva moralidad /
_cJoseph Fletcher ; [traducción, José Manuel Udina].
250 _a[1ª ed.].
260 _a[Barcelona] :
_bAriel,
_c[1970]
300 _a259 p. ;
_c19 cm.
700 1 _aUdina, José Manuel.
_9111867
852 _aES-MaACL
_jC-44873
_bR.73150
999 _c64180
_d64180